Commercial relations of the United States with foreign countries during the years 1891 and 1892.

Bibliographic Details
Corporate Authors: United States. Department of State. Bureau of Statistics, ProQuest (Firm)
Format: Government Document eBook
Language:English
Published: Washington : [publisher not identified], 1892.
Series:United States congressional serial set.
Subjects:
Online Access:Connect to the full text of this electronic book

MARC

Tag First Indicator Second Indicator Subfields
LEADER 00000cam a22000001a 4500
001 in00002795821
005 20190331180405.0
006 m o d
007 cr bn mmmapmmp
008 091225s1892 dcud o f000 0 eng d
035 |a cis2004327380 
040 |a UMI  |c UMI  |d UtOrBLW 
043 |a n-us--- 
086 0 |a S 4.1:892 
099 |a ProQuest Serial Set Number 3109 H.exdoc.257 
110 1 |a United States.  |b Department of State.  |b Bureau of Statistics. 
245 1 0 |a Commercial relations of the United States with foreign countries during the years 1891 and 1892. 
246 1 |a Commercial relations of United States with foreign countries, 1891-1892 
264 1 |a Washington :  |b [publisher not identified],  |c 1892. 
300 |a 1 online resource. 
336 |a text  |b txt  |2 rdacontent 
337 |a computer  |b c  |2 rdamedia 
338 |a online resource  |b cr  |2 rdacarrier 
490 0 |a H.exdoc.257 
500 |a Record is based on bibliographic data in ProQuest U.S. Serial Set Digital Collection (last viewed Dec. 2009). Reuse except for individual research requires license from ProQuest, LLC. 
510 3 |a ProQuest U.S. Serial Set Digital Collection 
500 |a Electronic resource. 
650 0 |a International economic relations. 
650 0 |a International relations. 
655 7 |a Electronic books.  |2 local 
710 2 |a ProQuest (Firm) 
830 0 |a United States congressional serial set. 
856 4 0 |u http://proxy.library.tamu.edu/login?url=http://congressional.proquest.com/congcomp/getdoc?SERIAL-SET-ID=3109+H.exdoc.257  |z Connect to the full text of this electronic book  |t 0 
999 |a MARS 
999 f f |s 8442c3bc-650b-34c0-9a25-1e9e59500d60  |i 4a368ad7-dd97-30f5-b94e-ae08680b12ee  |t 0 
952 f f |a Texas A&M University  |b College Station  |c Electronic Resources  |d Available Online  |t 0  |e ProQuest Serial Set Number 3109 H.exdoc.257  |h Other scheme 
998 f f |a ProQuest Serial Set Number 3109 H.exdoc.257  |t 0  |l Available Online